000 00508nam a2200181Ia 4500
005 20250620122835.0
008 008 250516s9999 xx 000 0 eng d
020 _a9781108838122
040 _beng
_cSDCL
041 _aeng
_2eng
084 _aO15,1B1:g(V2y7N09) R4
100 _aBajpai, Ravi Dutt
_9809823
245 0 _aCamille Bulcke :
_bThe jesuit devotee of Tulsidas
260 _aN Y:
_bCambridge University Press,
_c2024.
300 _axxvii, 288p.
650 _aHistory
942 _cTEXL
_2CC
999 _c1429936
_d1429936